Представление документа в формате RUSMARC

ПолеНазваниеЗначение
  Тип записи a
  Библиографический уровень m
001 Контрольный номер RU/IS/BASE/278179129
005 Дата корректировки 20201206204613.9
010 Индекс ISBN __
a ISBN 978-5-699-25945-8
d Цена 324-50
101 Язык документа __
a Язык текста rus
c Язык оригинала rus
200 Заглавие и сведения об ответственности 1_
a Заглавие ВТО: механизм взаимодействия национальных экономик
e Сведения, относящиеся к заглавию угрозы и возможности в условиях выхода на международный рынок
f Первые сведения об ответственности (под ред. С. Ф. Сутырина)
b Общее обозначение материала Текст
210 Выходные данные __
a Место издания М.
c Издательство Эксмо
d Дата издания 2008
215 Физическое описание __
a Объем 400 с.
330 Аннотация __
a Аннотация Дан анализ функционирования ВТО с точки зрения взаимодействия входящих в нее стран. Отдельно рассмотрен процесс присоединения России к ВТО и те последствия, которые может повлечь за собой вступление нашей страны в эту организацию.
601 Наименование организации как предмет __
a Наименование организации как предмет ВТО
601 Наименование организации как предмет __
a Наименование организации как предмет Всемирная торговая организация
601 Наименование организации как предмет __
a Наименование организации как предмет ГАТТ
601 Наименование организации как предмет __
a Наименование организации как предмет МТО
601 Наименование организации как предмет __
a Наименование организации как предмет Международная торговая организация
606 Тематические рубрики __
a Основная рубрика Экономика
606 Тематические рубрики __
a Основная рубрика Экономика труда
610 Ключевые слова __
a Ключевые слова международная торговля; международные торговые организации; международный рынок; международные торговые системы; национальная экономика
686 Индексы других классификаций __
a Классификационный индекс 65.428
702 Вторичная интеллектуальная ответственность _1
a Фамилия Сутырин
b Имя С. Ф.
4 Код отношения Редактор
801 Источник записи _0
a Страна RU
b Организация Муниципальное бюджетное учреждение культуры "Централизованная библиотечная система" г. Сургут (Центральная городская библиотека им. А. С. Пушкина)
g Правила каталогизации КиК/Елгина
801 Источник записи _1
a Страна RU
b Организация Муниципальное бюджетное учреждение культуры "Централизованная библиотечная система" г. Сургут (Центральная городская библиотека им. А. С. Пушкина)
g Правила каталогизации КиК/Елгина
852 Данные о местонахождении __
j Шифр хранения 65.428
c Каталожный индекс 65.428
i Авторский знак В 87
901 Тип документа __
t Тип документа m
903 Характеристики (МАРС) __
a Дата передачи 20081031
990 Данные о заказе (DOS) __
j Количество экземпляров (DOS) 1
t N записи в КСУ для И/У (DOS) 200811